International trade rules and the agriculture sector : (Record no. 21088)
[ view plain ]
| 000 -LEADER | |
|---|---|
| fixed length control field | 00713cam a22002174a 4500 |
| 020 ## - INTERNATIONAL STANDARD BOOK NUMBER | |
| ISBN | 9789251058855 |
| 020 ## - INTERNATIONAL STANDARD BOOK NUMBER | |
| ISBN | 9251058857 |
| 022 ## - INTERNATIONAL STANDARD SERIAL NUMBER | |
| ISSN | 10146679 |
| 040 ## - CATALOGING SOURCE | |
| Transcribing agency | DLC |
| 082 ## - DEWEY DECIMAL CLASSIFICATION NUMBER | |
| Classification number | FAO INT 2007 C136 Or. |
| 100 1# - MAIN ENTRY--AUTHOR NAME | |
| Personal name | Mosoti, Victor. |
| 245 10 - TITLE STATEMENT | |
| Title | International trade rules and the agriculture sector : |
| Remainder of title | selected implementation issues / |
| 260 ## - PUBLICATION, DISTRIBUTION, ETC. (IMPRINT) | |
| Place of publication | Rome : |
| Name of publisher | Food and Agriculture Organization of the United Nations, |
| Year of publication | 2007. |
| 300 ## - PHYSICAL DESCRIPTION | |
| Number of Pages | viii, 429 p. ; |
| Dimensions | 24 cm. |
| 490 0# - SERIES STATEMENT | |
| Series statement | FAO legislative study, |
| 650 #0 - SUBJECT ADDED ENTRY--TOPICAL TERM | |
| Topical Term | Foreign trade regulation. |
| 650 #0 - SUBJECT ADDED ENTRY--TOPICAL TERM | |
| Topical Term | Agricultural laws and legislation. |
| 700 1# - ADDED ENTRY--PERSONAL NAME | |
| Personal name | Gobena, Ambra. |
| 856 41 - ELECTRONIC LOCATION AND ACCESS | |
| Uniform Resource Identifier | http://www.loc.gov/catdir/toc/fy0804/2008372760.html |
| 942 ## - ADDED ENTRY ELEMENTS (KOHA) | |
| Koha item type | ADB |
No items available.